00649nam a2200193Ia 4500003000900000008004100009020001600050040001600066080001700082100002000099245009700119260003900216300001500255650004100270650002900311942000700340999001500347952009300362IN-BaIIA211028s9999 xx 000 0 eng d a480-60769-0 cIIA Library a524.834bBOR aBorn, Max91579 0aEinstein's theory of relativitycMax Born  aNew YorkbDover Publicationsc1965 avii, 376p. aAstronomy and astrophysics thesaurus aGeneral relativity93824 cBK c6547d6547 00104070aBANbBANcGENd1980-08-12l0o524.834/ BORp7282r2021-11-05w1980-08-12yBK